000 01146nam a2200217Ia 4500
003 Ost
005 20260507075435.0
008 260507s9999||||xx |||||||||||||| ||und||
020 _a9774220227
040 _cfsecg
041 _aara
082 _a657.46
100 _aعبد اللطيف، ناصر نور الدين
_eمؤلف
245 0 _aمحاسبة التكاليف في قطاع النقل البحري /
_c ناصر نور الدين عبد اللطيف
260 _aالاسكندرية:
_bالدار الجامعية,
_c2008
300 _a423 صفحة؛
_bإيضاحات ؛
_c24 سم
520 _aالتعريف بمحاسبة التكاليف، خصائص ومحددات ومعوقات النقل البحري، دراسة وتحليل التكاليف في قطاع النقل البحري، مجموعات وتصنيفات التكاليف في نشاط النقل البحري، قياس التكاليف في قطاع النقل البحري، دور التكاليف في تسعير خدمات النقل البحري
653 _aالنقل البحري
653 _aمحاسبة التكاليف
942 _cكتاب
999 _c44535
_d44535